<?xml version="1.0" encoding="UTF-8"?>
<marc:record xmlns:marc="http://www.loc.gov/MARC21/slim">
   <marc:leader>00000nam a2200000 a 4500</marc:leader>
   <marc:datafield ind1="0" ind2="0" tag="245">
      <marc:subfield code="a">Wasser für die Elefanten</marc:subfield>
   </marc:datafield>
   <marc:datafield ind1=" " ind2="1" tag="264">
      <marc:subfield code="b">DVD Video</marc:subfield>
      <marc:subfield code="c">2012</marc:subfield>
   </marc:datafield>
   <marc:datafield ind1="1" ind2=" " tag="520">
      <marc:subfield code="a">1931 hat die Große Depression, eine der schwersten Wirtschaftskrisen der Geschichte, Amerika fest im Griff. In dieser Zeit durchlebt auch Tiermedizinstudent Jacob Jankowski (Robert Pattinson) seine größte Krise. Nach einer familiären Tragödie lässt er sein altes Leben hinter sich und schließt sich als Tierarzt einem Zirkus an. Hals über Kopf verliebt er sich in die Kunstreiterin Marlena (Reese Witherspoon) und sie sich in ihn. Beide entdecken in der Zuneigung zu der eigensinnigen, als nicht dressierbar geltenden Elefantendame Rosie ihre Gefühle füreinander. Doch diese Romanze ist ein riskanter Drahtseilakt. Denn Marlena ist mit Zirkusdirektor August Rosenbluth (Christoph Waltz) verheiratet, einem Mann, der so charismatisch wie auch unberechenbar ist.</marc:subfield>
   </marc:datafield>
   <marc:datafield ind1=" " ind2=" " tag="500">
      <marc:subfield code="a">Deutsch, Englisch, Italienisch</marc:subfield>
   </marc:datafield>
   <marc:datafield ind1="0" ind2=" " tag="490">
      <marc:subfield code="v">0</marc:subfield>
   </marc:datafield>
   <marc:datafield ind1=" " ind2=" " tag="300">
      <marc:subfield code="a">116 Min.</marc:subfield>
   </marc:datafield>
</marc:record>
